Statistiques concernant Personnages les plus connus H.P 3/4

Cliquez ici pour prendre le quiz!

Statistiques générales

  • Ce quiz a été pris 43 fois
  • Le résultat moyen est 9 sur 13

Statistiques - réponses

Description :Réponse :% Correct
Si je vous dis des jumeaux qui aiment les farces et attrapes, vous me ditesFred Weaslay
89%
Et...George Weaslay
89%
Un hipogriffe, il est déja venu à Poudlard, Harry a déja volé sur lui, c'est...Buck
87%
Avant Ginny, Harry était amoureux d'elle.Cho Chang
87%
Cousin humain de Harry, ils se détestent.Dudlay Durslay
84%
Professeur de potions la plupart du temps, il était un personnages très énigmatique.Severus Rogue
84%
Oncle de Harry, il avait quelque kilos en trop (l'acteur mourru d'ailleurs de surpoids).Vernon Durslay
76%
Ombres noires, sbires de voldemort et buveurs d'ames, le seul remède contre eux est le patronus.Détraqueurs
71%
L'ainé de la famille de ron, il apparait le plus souvent avec des dragons.Bill Weaslay
66%
Menbre de l'Ordre du Phénix et femme du Lupin, elle apparait peu.Nymphadora Tonks
63%
Ancien mangemort, directeur de l'institut Durmstrang durant le tournoi des trois sorciers.Igor Karkaroff
53%
Employé à gringotts, c'est lui qui ammena Harry à sa chambre forte.Gripsec
47%
Professeure de divination a Poudlard, elle s'inquiète tout le temps pour Harry.Sybille Patricia Trelawney
5%

Distribution des résultats

Percentile par nombre de réponses

% des personnes avec chaque résultat

Votre développement - résultats

Vous n’avez pas pris ce quiz